| 000 | 00531nam a2200181 a 4500 | ||
|---|---|---|---|
| 005 | 20140310183205.0 | ||
| 008 | 030304s19uu xx 00 eng d | ||
| 050 |
_aHF 5386 _b.K277 1982 |
||
| 100 | _aKennedy, Marilyn Moats | ||
| 245 |
_aCareer knockouts : _bhow to battle back / _cMarilyn Moats Kennedy. |
||
| 260 |
_aChicago : _bFollet Pub. Co., _c1982. |
||
| 300 |
_axi, 272 p. : _c24 cm. |
||
| 521 | _aBSBA | ||
| 650 | _aSuccess in business. | ||
| 650 | _aOrganizational behavior. | ||
| 942 |
_cBK _2lcc _kFOR |
||
| 999 |
_c19975 _d19975 |
||